00309 a2200109 4500001001000000005001700010008004100027245003600068100002400104773005400128999001700182ART_3049520260410162003.0260409a 10aEl poder político y el Estado1 aChantebout, Bernard0 tForo políticog- Vol. XIX (abr. 1997)wREV30389 c31467d31467